| 000 | 00781cam a22002174a 4500 | ||
|---|---|---|---|
| 005 | 20250605164141.0 | ||
| 008 | 250528s ||||||||||||||||||||||||d | ||
| 035 | _a18988 | ||
| 020 | _a847817067 | ||
| 040 |
_aGR-AtMCL _bgre _dGR-AtMCL _eAACR2 |
||
| 245 | 1 | _aVidal Sassoon / Fifty Years Ahead | |
| 250 | _a1στ | ||
| 260 |
_bRizzoli International Publications, _c1993 |
||
| 300 | _a178 | ||
| 520 | _aIntroduction, Profile of an Innovator, Before the Revolution, The Revolution, The Evolution, Beauty and Health, The Art of Sassooning, Personal Style, Future Revolutions, Perceptions: Talking Sasson, Chronology, Glossary, Acknowledgements. | ||
| 700 | 1 |
_aFishman Diane _95268 |
|
| 700 | 1 |
_aPowell Marcia _95269 |
|
| 942 | _cBK | ||
| 999 |
_c4280 _d4280 |
||